| 000 | 00829nam a2200265 i 4500 | ||
|---|---|---|---|
| 001 | 53561 | ||
| 003 | ES-MaACL | ||
| 005 | 20250815044417.0 | ||
| 007 | t| | ||
| 008 | 031103s2002 sp ||||0| spa | ||
| 020 | _a84-7738-990-X | ||
| 080 | _a808.1:82-1".../04" | ||
| 080 | _a808".../04" | ||
| 100 | 1 |
_aLópez Eire, Antonio. _973618 |
|
| 245 | 1 | 0 |
_aPoéticas y retóricas griegas / _cAntonio López Eire. |
| 260 |
_aMadrid : _bSíntesis, _c[2002] |
||
| 300 |
_a286 p ; _c22 cm. |
||
| 490 | 1 |
_aHistoria de la literatura universal ; _v6. _aLiteratura griega |
|
| 504 | _aBibliografía: p. 283-286. | ||
| 650 | 4 |
_aPoética antigua. _9172313 |
|
| 650 |
_aRetórica antigua. _9162228 |
||
| 830 | 1 | 0 |
_aHistoria de la literatura universal _v6. _9189211 |
| 852 |
_aES-MaACL _jL-26573 |
||
| 999 |
_c53561 _d53561 |
||